Epistemology : (Record no. 13304)
[ view plain ]
| 000 -LEADER | |
|---|---|
| fixed length control field | 02035cam a2200313 a 4500 |
| 001 - CONTROL NUMBER | |
| control field | 15259559 |
| 005 - DATE AND TIME OF LATEST TRANSACTION | |
| control field | 20090831130737.0 |
| 008 - FIXED-LENGTH DATA ELEMENTS--GENERAL INFORMATION | |
| fixed length control field | 080414s2008 enk |rb 001 0 eng |
| 010 ## - LIBRARY OF CONGRESS CONTROL NUMBER | |
| LC control number | 2008016742 |
| 015 ## - NATIONAL BIBLIOGRAPHY NUMBER | |
| National bibliography number | GBA847468 |
| Source | bnb |
| 016 7# - NATIONAL BIBLIOGRAPHIC AGENCY CONTROL NUMBER | |
| Record control number | 014566328 |
| Source | Uk |
| 020 ## - INTERNATIONAL STANDARD BOOK NUMBER | |
| International Standard Book Number | 9780199264940 (pbk.) |
| 035 ## - SYSTEM CONTROL NUMBER | |
| System control number | (OCoLC)ocn214305961 |
| 035 ## - SYSTEM CONTROL NUMBER | |
| System control number | (OCoLC)214305961 |
| 040 ## - CATALOGING SOURCE | |
| Original cataloging agency | DLC |
| Transcribing agency | DLC |
| Modifying agency | UKM |
| -- | BAKER |
| -- | BTCTA |
| -- | YDXCP |
| -- | BWKUK |
| -- | BWK |
| -- | DLC |
| 050 00 - LIBRARY OF CONGRESS CALL NUMBER | |
| Classification number | BD161 |
| Item number | .E627 2008 |
| 082 00 - DEWEY DECIMAL CLASSIFICATION NUMBER | |
| Classification number | 121 |
| Edition number | 22 |
| Item number | EPI |
| 245 00 - TITLE STATEMENT | |
| Title | Epistemology : |
| Remainder of title | New Essays / |
| Statement of responsibility, etc | edited by Quentin Smith. |
| 260 ## - PUBLICATION, DISTRIBUTION, ETC. (IMPRINT) | |
| Place of publication, distribution, etc | Oxford : |
| -- | Oxford University Press, 2008 |
| Date of publication, distribution, etc | 2008. |
| 300 ## - PHYSICAL DESCRIPTION | |
| Extent | vi, 330 p. ; |
| Dimensions | 24 cm. |
| 504 ## - BIBLIOGRAPHY, ETC. NOTE | |
| Bibliography, etc | Includes bibliographical references and index. |
| 505 0# - FORMATTED CONTENTS NOTE | |
| Formatted contents note | Introduction / Quentin Smith -- Knowledge needs no justification / Hilary Kornblith -- Useful false beliefs / Peter D. Klein -- Immediate justification and process reliabilism / Alvin I. Goldman -- Evidence / Earl Conee and Richard Feldman -- Experiential justification / Anthony Brueckner -- Skepticism and perceptual knowledge / Ernest Sosa -- Knowledge-closure and skepticism / Marian David and Ted A. Warfield -- Intuition and modal error / George Bealer -- Rational disagreement as a challenge to practical ethics and moral theory : an essay in moral epistemology / Robert Audi -- Irrationality and cognition / John L. Pollock -- Why epistemology cannot be operationalized / Timothy Williamson -- Epistemology dehumanized / Panayot Butchvarov. |
| 650 #0 - SUBJECT ADDED ENTRY--TOPICAL TERM | |
| Topical term or geographic name as entry element | Knowledge, Theory of. |
| 9 (RLIN) | 11059 |
| 700 1# - ADDED ENTRY--PERSONAL NAME | |
| Personal name | Smith, Quentin, |
| Dates associated with a name | 1952- |
| 9 (RLIN) | 11060 |
| 856 41 - ELECTRONIC LOCATION AND ACCESS | |
| Materials specified | Table of contents only |
| Uniform Resource Identifier | <a href="http://www.loc.gov/catdir/toc/ecip0816/2008016742.html">http://www.loc.gov/catdir/toc/ecip0816/2008016742.html</a> |
| 942 ## - ADDED ENTRY ELEMENTS (KOHA) | |
| Source of classification or shelving scheme | Dewey Decimal Classification |
| Item type | Book - Borrowing |
| Withdrawn status | Item status | Source of classification or shelving scheme | Damaged status | Not for loan | Vendor | Home library | Current library | Shelving location | Date acquired | Source of acquisition | Cost, normal purchase price | Serial Enumeration / chronology | Total Checkouts | Total Renewals | Full call number | Barcode | Date last seen | Date last borrowed | Koha item type |
|---|---|---|---|---|---|---|---|---|---|---|---|---|---|---|---|---|---|---|---|
| Dewey Decimal Classification | Central Library | Central Library | Lower Floor | 07/02/2010 | 240.00 | 1324 | 12 | 33 | 121 EPI | 000019635 | 15/07/2025 | 22/04/2025 | Book - Borrowing |